[Event "Liberec op 22nd"]
[Site "Liberec"]
[Date "2023.02.26"]
[Round "4"]
[White "Lohia, Sohum"]
[Black "Dambrauskas, Virginijus A"]
[Result "1-0"]
[WhiteElo "2105"]
[BlackElo "2220"]
[PlyCount "87"]
[EventDate "2023.02.24"]
[EventType "swiss"]
[EventRounds "9"]
[EventCountry "CZE"]
[SourceTitle "CBM 213 Extra"]
[Source "ChessBase"]
[SourceDate "2023.05.31"]
[SourceVersion "1"]
[SourceVersionDate "2023.05.31"]
[SourceQuality "1"]

1. e4 c5 2. Nf3 e6 3. d4 cxd4 4. Nxd4 a6 5. c4 Nf6 6. Nc3 d6 7. Be2 Qc7 8. Be3 Nbd7 9. Rc1 b6 10. 0-0 Bb7 11. f3 Be7 12. b4 Rc8 13. a3 Qb8 14. Qd2 0-0 15. Rfd1 Bd8 16. Nb3 Bc7 17. Bf4 Ne8 18. Bg3 Ndf6 19. c5 dxc5 20. Bxc7 Rxc7 21. bxc5 bxc5 22. Na4 Bxe4 23. Nbxc5 Bc6 24. Nxa6 Qa7+ 25. Qd4 Qxd4+ 26. Rxd4 Rd7 27. Rxd7 Bxd7 28. Nb6 e5 29. Rc5 Be6 30. Rxe5 Nd6 31. a4 Nc8 32. a5 Na7 33. Rc5 Ne8 34. Nc7 Nd6 35. Nxe6 fxe6 36. Rc7 Rf7 37. Nd7 Nac8 38. Ba6 Ne7 39. Nb6 Ne8 40. Ra7 Nd5 41. Rxf7 Kxf7 42. Nxd5 exd5 43. Bb7 Nc7 44. a6 1-0

[Event "Liberec op 22nd"]
[Site "Liberec"]
[Date "2023.02.24"]
[Round "1"]
[White "Dambrauskas, Virginijus A"]
[Black "Svoboda, Frantisek"]
[Result "1-0"]
[WhiteElo "2220"]
[BlackElo "1646"]
[PlyCount "33"]
[EventDate "2023.02.24"]
[EventType "swiss"]
[EventRounds "9"]
[EventCountry "CZE"]
[SourceTitle "CBM 213 Extra"]
[Source "ChessBase"]
[SourceDate "2023.05.31"]
[SourceVersion "1"]
[SourceVersionDate "2023.05.31"]
[SourceQuality "1"]

1. d4 d6 2. e4 Nf6 3. Nc3 Nbd7 4. f4 e5 5. Nf3 exd4 6. Nxd4 Nc5 7. Qf3 Be7 8. h3 c6 9. Be3 Qc7 10. 0-0-0 Bd7 11. g4 0-0-0 12. g5 Ne8 13. f5 h6 14. gxh6 gxh6 15. b4 Na6 16. Ndb5 Qb8 17. Bxa7 1-0

[Event "Hradec Kralove op 11th"]
[Site "Hradec Kralove"]
[Date "2021.11.12"]
[Round "8"]
[White "Lambrecht, Tomasz"]
[Black "Dambrauskas, Virginijus A"]
[Result "1/2-1/2"]
[WhiteElo "1876"]
[BlackElo "2186"]
[PlyCount "70"]
[EventDate "2021.11.06"]
[EventType "swiss"]
[EventRounds "9"]
[EventCountry "CZE"]
[SourceTitle "CBM 205 Extra"]
[Source "ChessBase"]
[SourceDate "2022.01.31"]
[SourceVersion "1"]
[SourceVersionDate "2022.01.31"]
[SourceQuality "1"]

1. e4 c5 2. Nf3 e6 3. g3 Nc6 4. Bg2 g6 5. 0-0 Bg7 6. Qe2 Nge7 7. Rd1 0-0 8. c3 e5 9. Na3 Re8 10. Nc2 d5 11. exd5 Nxd5 12. d3 h6 13. Ne3 Be6 14. Nxd5 Bxd5 15. Be3 b6 16. Qd2 Qf6 17. Ne1 Bxg2 18. Kxg2 Kh7 19. Qe2 Rab8 20. h4 Qe6 21. h5 g5 22. f3 Ne7 23. Bf2 Kh8 24. Nc2 Rb7 25. a4 f5 26. a5 Qc6 27. axb6 axb6 28. Kh2 Rd8 29. Kg1 Qb5 30. Na3 Qc6 31. Nc4 Qf6 32. Ra6 Nc8 33. Kg2 g4 34. fxg4 Qc6+ 35. Kh2 e4 1/2-1/2

[Event "Panevezys op-B"]
[Site "Panevezys"]
[Date "2021.07.31"]
[Round "5"]
[White "Dambrauskas, Virginijus A"]
[Black "Pidluznij, Gleb"]
[Result "1/2-1/2"]
[WhiteElo "2176"]
[BlackElo "2017"]
[PlyCount "36"]
[EventDate "2021.07.30"]
[EventType "swiss"]
[EventRounds "7"]
[EventCountry "LTU"]
[SourceTitle "EXT 2022"]
[Source "ChessBase"]
[SourceDate "2021.10.06"]
[SourceVersion "1"]
[SourceVersionDate "2021.10.06"]
[SourceQuality "1"]

1. d4 Nf6 2. c4 c5 3. Nf3 g6 4. Nc3 Bg7 5. g3 0-0 6. Bg2 d6 7. 0-0 Nc6 8. e3 cxd4 9. Nxd4 Bd7 10. Nde2 Qc8 11. b3 Bh3 12. Bb2 Bxg2 13. Kxg2 Rd8 14. Rc1 Qf5 15. Qc2 Qxc2 16. Rxc2 d5 17. cxd5 Nxd5 18. Nxd5 Rxd5 1/2-1/2

[Event "LTU-chT"]
[Site "Lithuania"]
[Date "2021.05.15"]
[Round "6.3"]
[White "Mickevicius, Juras"]
[Black "Dambrauskas, Virginijus A"]
[Result "1-0"]
[WhiteElo "2281"]
[BlackElo "2209"]
[PlyCount "137"]
[EventDate "2021.05.07"]
[EventType "team-swiss"]
[EventRounds "7"]
[EventCountry "LTU"]
[SourceTitle "CBM 202 Extra"]
[Source "ChessBase"]
[SourceDate "2021.07.31"]
[SourceVersion "1"]
[SourceVersionDate "2021.07.31"]
[SourceQuality "1"]
[WhiteTeam "Vilnius Chess United"]
[BlackTeam "Panevezio Gigant"]
[WhiteTeamCountry "LTU"]
[BlackTeamCountry "LTU"]

1. d4 d5 2. c4 c6 3. Nf3 Nf6 4. e3 e6 5. b3 Nbd7 6. Bb2 b6 7. Bd3 Bb7 8. 0-0 Be7 9. Nc3 0-0 10. Qe2 c5 11. cxd5 exd5 12. Rac1 Re8 13. Rfd1 Bd6 14. Ba6 Qc8 15. Bxb7 Qxb7 16. dxc5 bxc5 17. Qb5 Nb6 18. Na4 Qd7 19. Qxd7 Nfxd7 20. Nc3 d4 21. exd4 c4 22. g3 Rac8 23. Nd2 cxb3 24. axb3 Nf6 25. Nb5 Rxc1 26. Bxc1 Bb8 27. Nc4 Nbd5 28. Bd2 Ne4 29. Ra1 Nxd2 30. Nxd2 Re7 31. Rc1 Kf8 32. Rc8+ Re8 33. Rxe8+ Kxe8 34. Kf1 Kd7 35. Ke2 Kc6 36. Na3 Nb4 37. Ne4 a6 38. Ke3 h5 39. h3 f5 40. Nc3 g5 41. Nc4 Kd7 42. Ne5+ Ke6 43. Nf3 g4 44. hxg4 hxg4 45. Ne1 Ba7 46. Ne2 Bb6 47. Ng2 Ba5 48. Ngf4+ Kd6 49. Ng2 Ke6 50. Nef4+ Kd6 51. Nh4 Nc2+ 52. Kd3 Ne1+ 53. Kc4 Nf3 54. Nxf5+ Kc6 55. d5+ Kd7 56. Ne3 Nd2+ 57. Kd3 Nxb3 58. Nxg4 Bb6 59. Ne5+ Ke7 60. f3 Bf2 61. g4 Nc5+ 62. Kc4 Nb7 63. Nc6+ Kf6 64. Nh3 Nd6+ 65. Kd3 Bb6 66. Kc3 Nb5+ 67. Kd3 Nd6 68. Nb8 Ba5 69. f4 1-0

[Event "LTU-ch"]
[Site "Vilnius"]
[Date "2020.11.22"]
[Round "3"]
[White "Dambrauskas, Virginijus A"]
[Black "Vardanyan, Aras"]
[Result "1-0"]
[WhiteElo "2220"]
[BlackElo "2199"]
[PlyCount "109"]
[EventDate "2020.11.20"]
[EventType "tourn"]
[EventRounds "9"]
[EventCountry "LTU"]
[EventCategory "6"]
[SourceTitle "CBM 199 Extra"]
[Source "ChessBase"]
[SourceDate "2021.01.31"]
[SourceVersion "1"]
[SourceVersionDate "2021.01.31"]
[SourceQuality "1"]

1. Nf3 Nf6 2. c4 c5 3. g3 g6 4. Bg2 Bg7 5. 0-0 0-0 6. d4 cxd4 7. Nxd4 Nc6 8. Nc2 d6 9. Nc3 Be6 10. Ne3 Qd7 11. Re1 Bh3 12. Bh1 Rfc8 13. Bd2 Ne5 14. b3 Neg4 15. Rc1 Nxe3 16. Bxe3 Ng4 17. Bd2 Qf5 18. Bf3 Rab8 19. Nd5 Kf8 20. Nf4 Ne5 21. Bh1 Bh6 22. e4 Qd7 23. Nxg6+ hxg6 24. Bxh6+ Kg8 25. Bf4 Rc5 26. Be3 Rcc8 27. Bd4 a5 28. Bg2 a4 29. Bxh3 Qxh3 30. Bxe5 dxe5 31. Qd5 axb3 32. axb3 Qh5 33. Qd1 Qg5 34. Rc3 Kg7 35. h4 Qf6 36. Rf3 Qe6 37. Qd5 Rc6 38. Qxe6 Rxe6 39. Rd1 f6 40. Rc3 Rb6 41. Kf1 Ra8 42. Ke2 Kf7 43. Rdd3 Rb4 44. Ke3 Ra1 45. Kd2 Ra3 46. Kc1 Ra2 47. Rc2 Ra1+ 48. Kb2 Re1 49. Re3 Rxe3 50. fxe3 Rb6 51. Rd2 Ke8 52. Kc3 e6 53. c5 Ra6 54. Kc4 Ra1 55. Rd6 1-0

[Event "LTU-ch Rapid op"]
[Site "Panevezys"]
[Date "2020.07.04"]
[Round "3.9"]
[White "Pultinevicius, Paulius"]
[Black "Dambrauskas, Virginijus A"]
[Result "1-0"]
[WhiteElo "2526"]
[BlackElo "2170"]
[PlyCount "107"]
[EventDate "2020.07.04"]
[EventType "swiss (rapid)"]
[EventRounds "11"]
[EventCountry "LTU"]
[SourceTitle "EXT 2023"]
[Source "ChessBase"]
[SourceDate "2022.10.05"]
[SourceVersion "1"]
[SourceVersionDate "2022.10.05"]
[SourceQuality "1"]

1. d4 d5 2. c4 e6 3. Nc3 Nf6 4. Nf3 c6 5. Bg5 h6 6. Bxf6 Qxf6 7. Qb3 Nd7 8. e4 dxe4 9. Nxe4 Qd8 10. Bd3 Be7 11. h4 Nf6 12. 0-0-0 Qc7 13. Ne5 a5 14. Bc2 Nxe4 15. Bxe4 Bd7 16. c5 h5 17. f4 g6 18. a4 Rg8 19. g3 Kf8 20. Rdf1 f5 21. Bd3 Bf6 22. Re1 Re8 23. Re3 Bc8 24. Bc4 Kg7 25. Rhe1 Re7 26. Nf3 Rge8 27. Bxe6 Bxe6 28. Rxe6 Rxe6 29. Rxe6 Rxe6 30. Qxe6 Qf7 31. Qxf7+ Kxf7 32. Kd2 Ke6 33. Kd3 Kd5 34. Ne5 Bg7 35. b3 Bf6 36. Nxg6 Bxd4 37. Ne7+ Kxc5 38. Nxf5 Bf6 39. Nh6 b5 40. Ng8 Bg7 41. f5 Kb4 42. f6 Bf8 43. Kc2 bxa4 44. bxa4 Kxa4 45. Ne7 Kb5 46. Ng6 Bd6 47. f7 Kc5 48. f8Q Bxf8 49. Nxf8 Kd6 50. Ng6 Ke6 51. Nf4+ Kf5 52. Nxh5 c5 53. Nf4 a4 54. Nd5 1-0

[Event "Panevezys Kveinys Memorial op"]
[Site "Panevezys"]
[Date "2020.07.02"]
[Round "8"]
[White "Dambrauskas, Virginijus A"]
[Black "Chukavin, Kirill"]
[Result "0-1"]
[WhiteElo "2246"]
[BlackElo "2348"]
[PlyCount "86"]
[EventDate "2020.06.26"]
[EventType "swiss"]
[EventRounds "9"]
[EventCountry "LTU"]
[SourceTitle "CBM 197 Extra"]
[Source "ChessBase"]
[SourceDate "2020.09.30"]
[SourceVersion "1"]
[SourceVersionDate "2020.09.30"]
[SourceQuality "1"]

1. d4 Nf6 2. c4 e6 3. Nf3 d5 4. Bg5 h6 5. Bxf6 Qxf6 6. Nc3 c6 7. e3 g6 8. Be2 dxc4 9. Bxc4 Nd7 10. h4 Bg7 11. h5 g5 12. Qc2 Qe7 13. a3 0-0 14. Ba2 b6 15. 0-0-0 Bb7 16. Bb1 Rfd8 17. Ne5 Nxe5 18. dxe5 Qc5 19. Rxd8+ Rxd8 20. Rd1 Rxd1+ 21. Qxd1 Bxe5 22. Qd8+ Kg7 23. Qd3 Kf8 24. Qd8+ Kg7 25. Qd3 Qf8 26. Ne2 Kf6 27. f4 gxf4 28. exf4 Qc5+ 29. Bc2 Bc7 30. Kb1 Qd5 31. Qc3+ Ke7 32. g4 c5 33. Qg7 Qh1+ 34. Ka2 Bd5+ 35. b3 Qg2 36. g5 Qxe2 37. Qf6+ Ke8 38. Kb1 Be4 39. Bxe4 Qxe4+ 40. Ka2 Qxf4 41. Qh8+ Kd7 42. g6 Be5 43. Qh7 Qd2+ 0-1

[Event "Hradec Kralove op 10th"]
[Site "Hradec Kralove"]
[Date "2019.10.30"]
[Round "6"]
[White "Kornitzky, Tino"]
[Black "Dambrauskas, Virginijus A"]
[Result "1/2-1/2"]
[WhiteElo "2074"]
[BlackElo "2219"]
[PlyCount "85"]
[EventDate "2019.10.26"]
[EventType "swiss"]
[EventRounds "9"]
[EventCountry "CZE"]
[SourceTitle "CBM 193 Extra"]
[Source "ChessBase"]
[SourceDate "2020.01.31"]
[SourceVersion "1"]
[SourceVersionDate "2020.01.31"]
[SourceQuality "1"]

1. d4 Nf6 2. c4 e6 3. g3 Bb4+ 4. Bd2 a5 5. Bg2 0-0 6. Nf3 d6 7. 0-0 Bxd2 8. Qxd2 Nc6 9. Nc3 e5 10. d5 Ne7 11. e4 Nd7 12. Ne1 f5 13. exf5 Nxf5 14. Nc2 Nf6 15. Rae1 Bd7 16. f4 exf4 17. Rxf4 Ne7 18. Nd4 Ng6 19. Ne6 Bxe6 20. dxe6 Rb8 21. Nd5 Nxd5 22. Bxd5 Kh8 23. Rxf8+ Qxf8 24. Qxa5 c6 25. Bg2 Qe7 26. Bh3 Ne5 27. Qc3 Rf8 28. Rf1 Rxf1+ 29. Kxf1 Qf6+ 30. Kg2 g5 31. c5 d5 32. Kg1 g4 33. Bxg4 d4 34. Qe1 Kg7 35. h3 h5 36. Bxh5 Qxe6 37. Qe4 d3 38. Qf4 Qd5 39. Qg5+ Kf8 40. Qf6+ Kg8 41. Qg5+ Kf8 42. Qf6+ Kg8 43. Qg5+ 1/2-1/2

[Event "Olomouc op 22nd"]
[Site "Olomouc"]
[Date "2019.08.17"]
[Round "9"]
[White "Cermak, Jan1111"]
[Black "Dambrauskas, Virginijus A"]
[Result "1/2-1/2"]
[WhiteElo "1912"]
[BlackElo "2253"]
[PlyCount "138"]
[EventDate "2019.08.10"]
[EventType "swiss"]
[EventRounds "9"]
[EventCountry "CZE"]
[SourceTitle "CBM 191 Extra"]
[Source "ChessBase"]
[SourceDate "2019.09.30"]
[SourceVersion "1"]
[SourceVersionDate "2019.09.30"]
[SourceQuality "1"]

1. e4 c5 2. Nf3 e6 3. c3 Nf6 4. e5 Nd5 5. d4 cxd4 6. cxd4 b6 7. Nc3 Nxc3 8. bxc3 Qc7 9. Bd2 Be7 10. Bd3 Ba6 11. Bxa6 Nxa6 12. Qa4 Nb8 13. 0-0 0-0 14. c4 Nc6 15. Be3 d6 16. exd6 Bxd6 17. c5 Be7 18. Rac1 Rfc8 19. cxb6 axb6 20. Qb3 Qb7 21. d5 Na5 22. Qxb6 Qxd5 23. Rxc8+ Rxc8 24. Qd4 Qxd4 25. Nxd4 Bf6 26. Rb1 g6 27. g3 Kf8 28. Kg2 h5 29. h3 Ke7 30. Rb5 Nc4 31. Rb7+ Ke8 32. Nb5 Nxe3+ 33. fxe3 Be5 34. Kf3 Ra8 35. Na7 Rb8 36. Rxb8+ Bxb8 37. Nb5 Kd7 38. g4 Kc6 39. Nd4+ Kd5 40. gxh5 gxh5 41. Ne2 h4 42. Nf4+ Kc4 43. Kg4 Ba7 44. Ng2 Kd3 45. a4 Bxe3 46. Kxh4 Bd2 47. Kg4 Ke4 48. h4 f5+ 49. Kg3 Ba5 50. Kf2 Ke5 51. Ne3 Kf4 52. Nc4 Bb4 53. a5 Bc5+ 54. Ke2 Kg4 55. a6 Kxh4 56. Kf3 Kg5 57. Ne5 Bb6 58. Nc6 Kf6 59. a7 Bxa7 60. Nxa7 e5 61. Nc6 Ke6 62. Nxe5 Kxe5 63. Ke3 f4+ 64. Kf3 Kf5 65. Kf2 Ke4 66. Ke2 f3+ 67. Kf2 Kf4 68. Kf1 Ke4 69. Kf2 Ke5 1/2-1/2

[Event "Olomouc op 22nd"]
[Site "Olomouc"]
[Date "2019.08.16"]
[Round "8"]
[White "Dambrauskas, Virginijus A"]
[Black "Singh, Soram Rahul"]
[Result "0-1"]
[WhiteElo "2253"]
[BlackElo "2039"]
[PlyCount "64"]
[EventDate "2019.08.10"]
[EventType "swiss"]
[EventRounds "9"]
[EventCountry "CZE"]
[SourceTitle "CBM 191 Extra"]
[Source "ChessBase"]
[SourceDate "2019.09.30"]
[SourceVersion "1"]
[SourceVersionDate "2019.09.30"]
[SourceQuality "1"]

1. d4 d5 2. c4 e6 3. Nc3 Nf6 4. Nf3 Be7 5. Bf4 0-0 6. e3 b6 7. cxd5 Nxd5 8. Nxd5 exd5 9. Bd3 c5 10. 0-0 Nc6 11. e4 Nxd4 12. Nxd4 cxd4 13. e5 a6 14. Qa4 Bc5 15. b4 Bd7 16. Qb3 Be7 17. Qb2 a5 18. a3 Be6 19. Qxd4 axb4 20. axb4 Rxa1 21. Rxa1 Qc7 22. Bd2 f6 23. Re1 f5 24. f4 g6 25. Rc1 Qb7 26. Bb5 Rc8 27. Rxc8+ Qxc8 28. Qxb6 Kf7 29. Bd3 Qa8 30. Ba6 d4 31. Qb7 Qd8 32. Bd3 Bd5 0-1

[Event "Olomouc op 22nd"]
[Site "Olomouc"]
[Date "2019.08.15"]
[Round "7"]
[White "Haugli, Petter"]
[Black "Dambrauskas, Virginijus A"]
[Result "1-0"]
[WhiteElo "2224"]
[BlackElo "2253"]
[PlyCount "83"]
[EventDate "2019.08.10"]
[EventType "swiss"]
[EventRounds "9"]
[EventCountry "CZE"]
[SourceTitle "CBM 191 Extra"]
[Source "ChessBase"]
[SourceDate "2019.09.30"]
[SourceVersion "1"]
[SourceVersionDate "2019.09.30"]
[SourceQuality "1"]

1. e4 c5 2. Nf3 e6 3. d4 cxd4 4. Nxd4 Nf6 5. Nc3 d6 6. g4 Nc6 7. g5 Nd7 8. Be3 a6 9. Qd2 Be7 10. h4 Qc7 11. 0-0-0 Nc5 12. Nxc6 Qxc6 13. Bg2 Na4 14. Nxa4 Qxa4 15. Kb1 Qc6 16. f4 Qc7 17. h5 Bd7 18. g6 0-0-0 19. gxf7 Rhf8 20. Qf2 Rxf7 21. Bb6 Qc6 22. Bxd8 Bxd8 23. Qd2 Bc7 24. f5 Qc5 25. fxe6 Bxe6 26. Bh3 Bxh3 27. Rxh3 Rf2 28. Qd3 Kb8 29. a3 Ka8 30. Rf1 Rg2 31. Rg3 Rxg3 32. Qxg3 Qxh5 33. Qxg7 Bb8 34. Qg8 Ka7 35. Qd5 Qh2 36. Rf7 Qg1+ 37. Ka2 Qb6 38. Rxh7 Ka8 39. Rh8 Qc7 40. Qg8 Ka7 41. Kb1 Ka8 42. Qc8 1-0

[Event "Olomouc op 22nd"]
[Site "Olomouc"]
[Date "2019.08.14"]
[Round "6"]
[White "Dambrauskas, Virginijus A"]
[Black "Ockay, Tomas"]
[Result "1/2-1/2"]
[WhiteElo "2253"]
[BlackElo "2137"]
[PlyCount "64"]
[EventDate "2019.08.10"]
[EventType "swiss"]
[EventRounds "9"]
[EventCountry "CZE"]
[SourceTitle "CBM 191 Extra"]
[Source "ChessBase"]
[SourceDate "2019.09.30"]
[SourceVersion "1"]
[SourceVersionDate "2019.09.30"]
[SourceQuality "1"]

1. d4 Nf6 2. c4 e6 3. Nf3 b6 4. g3 Bb7 5. Bg2 Be7 6. Nc3 Ne4 7. Bd2 0-0 8. 0-0 Nxc3 9. Bxc3 Be4 10. b4 d6 11. Qb3 Nd7 12. Rfd1 Qc8 13. d5 e5 14. Nxe5 Bxg2 15. Nxd7 Qxd7 16. Kxg2 Qf5 17. Qb1 Qh5 18. Qd3 f5 19. Qf3 Qg6 20. e3 Rae8 21. a4 Bf6 22. Bxf6 Rxf6 23. a5 Re4 24. Rdc1 f4 25. exf4 Rexf4 26. Qe2 Rxf2+ 27. Qxf2 Qe4+ 28. Kg1 Rxf2 29. Kxf2 Qd4+ 30. Kf3 Qd3+ 31. Kf2 Qd2+ 32. Kg1 Qe3+ 1/2-1/2

[Event "Olomouc op 22nd"]
[Site "Olomouc"]
[Date "2019.08.13"]
[Round "5"]
[White "Svobodova, Michaela"]
[Black "Dambrauskas, Virginijus A"]
[Result "0-1"]
[WhiteElo "2055"]
[BlackElo "2253"]
[PlyCount "106"]
[EventDate "2019.08.10"]
[EventType "swiss"]
[EventRounds "9"]
[EventCountry "CZE"]
[SourceTitle "CBM 191 Extra"]
[Source "ChessBase"]
[SourceDate "2019.09.30"]
[SourceVersion "1"]
[SourceVersionDate "2019.09.30"]
[SourceQuality "1"]

1. e4 c5 2. Nf3 e6 3. c3 Nf6 4. e5 Nd5 5. d4 cxd4 6. cxd4 b6 7. Bc4 Bb7 8. 0-0 Be7 9. Bxd5 Bxd5 10. Nc3 Bxf3 11. Qxf3 Nc6 12. Qg4 Kf8 13. Be3 h5 14. Qe4 f5 15. exf6 Bxf6 16. d5 exd5 17. Nxd5 Qe8 18. Nxf6 gxf6 19. Qf3 Qg6 20. Rad1 Rh7 21. Rd6 Rf7 22. Rfd1 Re8 23. Bf4 Qe4 24. Qxe4 Rxe4 25. g3 Re2 26. R1d2 Rxd2 27. Rxd2 Kg7 28. Kg2 Nd8 29. Rd5 Kg6 30. Kf3 Ne6 31. Bb8 Ng5+ 32. Kg2 d6 33. Rxd6 Rb7 34. Rd8 Ne6 35. Rc8 Rd7 36. Rc6 Kf7 37. Rc2 a5 38. Rc6 Rb7 39. Bd6 b5 40. Ra6 a4 41. a3 Nc7 42. Rc6 Nd5 43. h4 Ke6 44. Bf4+ Kf5 45. Bd2 Ke4 46. Rd6 Rc7 47. Bb4 Rc2 48. Re6+ Kf5 49. Re8 Nxb4 50. axb4 Rxb2 51. Rh8 Rxb4 52. Rxh5+ Kg6 53. Rc5 a3 0-1

[Event "Olomouc op 22nd"]
[Site "Olomouc"]
[Date "2019.08.12"]
[Round "4"]
[White "Dambrauskas, Virginijus A"]
[Black "Chudinovskikh, Alexander M"]
[Result "1/2-1/2"]
[WhiteElo "2253"]
[BlackElo "2145"]
[PlyCount "74"]
[EventDate "2019.08.10"]
[EventType "swiss"]
[EventRounds "9"]
[EventCountry "CZE"]
[SourceTitle "CBM 191 Extra"]
[Source "ChessBase"]
[SourceDate "2019.09.30"]
[SourceVersion "1"]
[SourceVersionDate "2019.09.30"]
[SourceQuality "1"]

1. d4 Nf6 2. c4 e6 3. Nf3 c5 4. g3 cxd4 5. Nxd4 d5 6. Bg2 e5 7. Nf3 d4 8. 0-0 Nc6 9. e3 Bc5 10. exd4 exd4 11. Nbd2 0-0 12. Nb3 Qb6 13. Nxc5 Qxc5 14. b3 Bf5 15. Bb2 Rad8 16. Nh4 Bg4 17. Qc1 Rfe8 18. Re1 Rxe1+ 19. Qxe1 Re8 20. Qc1 Re2 21. Ba3 Qa5 22. b4 Nxb4 23. Bxb4 Qxb4 24. Rb1 Qe7 25. Bf1 Re5 26. Qb2 b6 27. Qxd4 g6 28. Ng2 Qc5 29. Qd8+ Kg7 30. Rb5 Qe7 31. Qd4 Re4 32. Qc3 Bd7 33. Rb2 Qe5 34. Qxe5 Rxe5 35. Ne3 Ra5 36. Bg2 Be6 37. Kf1 Ra4 1/2-1/2

[Event "Liberec op 19th"]
[Site "Liberec"]
[Date "2019.03.02"]
[Round "9"]
[White "Shagbazyan, Taron"]
[Black "Dambrauskas, Virginijus A"]
[Result "1-0"]
[WhiteElo "2421"]
[BlackElo "2277"]
[PlyCount "137"]
[EventDate "2019.02.23"]
[EventType "swiss"]
[EventRounds "9"]
[EventCountry "CZE"]
[SourceTitle "CBM 189 Extra"]
[Source "ChessBase"]
[SourceDate "2019.06.03"]
[SourceVersion "1"]
[SourceVersionDate "2019.06.03"]
[SourceQuality "1"]

1. d4 d5 2. c4 c6 3. Nf3 Nf6 4. Nc3 e6 5. e3 Nbd7 6. Qc2 Bd6 7. b3 0-0 8. Be2 b6 9. 0-0 Bb7 10. Bb2 Rc8 11. Rfd1 Qe7 12. Rac1 Ba3 13. Qb1 Bxb2 14. Qxb2 c5 15. Qa3 Ra8 16. cxd5 Nxd5 17. Na4 Rac8 18. dxc5 Nxc5 19. Nxc5 Rxc5 20. Rxc5 Qxc5 21. Qxc5 bxc5 22. Rc1 Rc8 23. Kf1 Kf8 24. Ne5 Nb6 25. f3 Ke7 26. Ke1 f6 27. Nc4 Nxc4 28. Rxc4 Kd6 29. Ra4 Ra8 30. h4 a5 31. Bb5 f5 32. Kd2 h6 33. h5 Bd5 34. Kc3 e5 35. Bd3 Bc6 36. Rh4 Bd7 37. Bc2 Rf8 38. f4 Re8 39. Rh3 Re7 40. Rg3 Be8 41. Bxf5 Bxh5 42. Bg6 Be2 43. Bd3 Bxd3 44. Kxd3 exf4 45. exf4 Kd5 46. Rh3 Kc6 47. Rg3 Kb5 48. Rg6 Ra7 49. a4+ Kb4 50. Rb6+ Ka3 51. Kc4 Rf7 52. g3 g5 53. fxg5 hxg5 54. Rb5 Rf3 55. Rxa5 Rxb3 56. Rxc5 Rxg3 57. a5 Rg4+ 58. Kb5 Rb4+ 59. Kc6 g4 60. a6 Ra4 61. Kb6 g3 62. Rc3+ Kb2 63. Rxg3 Rb4+ 64. Kc5 Ra4 65. Kb5 Ra1 66. Kb6 Kc2 67. Rg5 Kc3 68. a7 Kc4 69. Ra5 1-0

[Event "Liberec op 19th"]
[Site "Liberec"]
[Date "2019.03.01"]
[Round "8"]
[White "Dambrauskas, Virginijus A"]
[Black "Dowgird, Filip"]
[Result "1/2-1/2"]
[WhiteElo "2277"]
[BlackElo "2270"]
[PlyCount "107"]
[EventDate "2019.02.23"]
[EventType "swiss"]
[EventRounds "9"]
[EventCountry "CZE"]
[SourceTitle "CBM 189 Extra"]
[Source "ChessBase"]
[SourceDate "2019.06.03"]
[SourceVersion "1"]
[SourceVersionDate "2019.06.03"]
[SourceQuality "1"]

1. d4 d6 2. e4 Nf6 3. Nc3 c6 4. Nf3 Bg4 5. Be2 e6 6. 0-0 d5 7. exd5 cxd5 8. Ne5 Bxe2 9. Nxe2 Nc6 10. c3 Nxe5 11. dxe5 Nd7 12. f4 Bc5+ 13. Kh1 g6 14. Qd3 a6 15. b4 Be7 16. Be3 Nb6 17. Bd4 h5 18. Nc1 Na4 19. Rb1 b5 20. Qe3 Rc8 21. Ne2 Rc4 22. Rf3 Kd7 23. g3 Qb8 24. Kg2 Bd8 25. h3 Bb6 26. Bxb6 Nxb6 27. Rd1 Kc7 28. Rd4 Kb7 29. Rxc4 Nxc4 30. Qd4 Qa7 31. Nc1 a5 32. Nb3 Qxd4 33. Nxd4 Kb6 34. g4 hxg4 35. hxg4 g5 36. Rh3 Rxh3 37. Kxh3 gxf4 38. Nf3 axb4 39. cxb4 Kc6 40. Kh4 d4 41. Nxd4+ Kd5 42. Nxb5 Nxe5 43. Nc7+ Ke4 44. Nb5 Kd3 45. a4 Kc4 46. Nd6+ Kxb4 47. Kg5 f3 48. Ne4 Kxa4 49. Kf6 Nxg4+ 50. Kxf7 e5 51. Ke6 Kb3 52. Kf5 Nf6 53. Kxf6 f2 54. Nxf2 1/2-1/2

[Event "Plzen op 10th"]
[Site "Plzen"]
[Date "2018.11.22"]
[Round "5"]
[White "Jurek, Josef"]
[Black "Dambrauskas, Virginijus A"]
[Result "1/2-1/2"]
[WhiteElo "2248"]
[BlackElo "2298"]
[PlyCount "62"]
[EventDate "2018.11.18"]
[EventType "swiss"]
[EventRounds "9"]
[EventCountry "CZE"]
[SourceTitle "CBM 189 Extra"]
[Source "ChessBase"]
[SourceDate "2019.06.03"]
[SourceVersion "1"]
[SourceVersionDate "2019.06.03"]
[SourceQuality "1"]

1. Nf3 d5 2. c4 c6 3. d4 Nf6 4. Qc2 dxc4 5. Qxc4 e6 6. g3 b5 7. Qb3 Bb7 8. Bg2 a6 9. 0-0 c5 10. Rd1 Nbd7 11. Bg5 Qb6 12. Nc3 cxd4 13. Nxd4 Bxg2 14. Kxg2 Bc5 15. Bxf6 Nxf6 16. e3 0-0 17. Nf3 Rfd8 18. Rxd8+ Rxd8 19. Rd1 h6 20. Rxd8+ Qxd8 21. Qc2 Bb6 22. Ne4 Nxe4 23. Qxe4 Qd5 24. Qxd5 exd5 25. Kf1 Kf8 26. Ke2 Ke7 27. Kd3 Kd6 28. Nd4 g6 29. g4 Bd8 30. f4 Bf6 31. b4 Bd8 1/2-1/2

[Event "Plzen op 10th"]
[Site "Plzen"]
[Date "2018.11.19"]
[Round "2"]
[White "Dambrauskas, Virginijus A"]
[Black "Bartonicek, Zdenek"]
[Result "1-0"]
[WhiteElo "2298"]
[BlackElo "1951"]
[PlyCount "119"]
[EventDate "2018.11.18"]
[EventType "swiss"]
[EventRounds "9"]
[EventCountry "CZE"]
[SourceTitle "CBM 189 Extra"]
[Source "ChessBase"]
[SourceDate "2019.06.03"]
[SourceVersion "1"]
[SourceVersionDate "2019.06.03"]
[SourceQuality "1"]

1. Nf3 Nf6 2. c4 c5 3. Nc3 Nc6 4. g3 g6 5. Bg2 Bg7 6. d4 cxd4 7. Nxd4 0-0 8. 0-0 Ng4 9. e3 Nge5 10. b3 d6 11. Bb2 Bg4 12. f3 Bd7 13. Nde2 Re8 14. h3 Nb4 15. Qd2 Na6 16. Kh2 Bh6 17. Nd5 Nc7 18. f4 Nc6 19. Qc3 f6 20. Rad1 Bg7 21. Qd2 Ne6 22. g4 Rf8 23. Rc1 Nb8 24. Rfd1 Nc6 25. Ng3 b6 26. Be4 Nc5 27. Bb1 b5 28. b4 Na4 29. Ba1 bxc4 30. Rxc4 Nb6 31. Rcc1 Rb8 32. b5 Nxd5 33. bxc6 Be6 34. f5 Bf7 35. e4 Nc7 36. Bd4 a6 37. Ba7 Rc8 38. Bb6 d5 39. a4 Qd6 40. Ba2 Ra8 41. Bxd5 Nxd5 42. exd5 h5 43. Kg2 h4 44. Ne4 Qe5 45. Qd4 Qxd4 46. Rxd4 Bh6 47. Re1 gxf5 48. gxf5 Bf4 49. Nc5 Be5 50. Rg4+ Kh7 51. Rxh4+ Kg8 52. Ne6 Bxe6 53. fxe6 Kg7 54. Kf3 Rg8 55. Rg1+ Kf8 56. Rxg8+ Kxg8 57. a5 Kg7 58. Rg4+ Kh6 59. Ke4 Bd6 60. Kf5 1-0